Ultimate Geography Challenge 'I' Quiz Stats

 Plays Quiz Updated Jun 23, 2016

Challenge
Share
Tweet
Embed
Score 0/14 Timer 03:00
23 Plays Today
Hint Answer % Correct
CountryIndia
98.2%
US StateIndiana
96.2%
US StateIowa
94.5%
US StateIllinois
93.2%
US StateIdaho
92%
CountryIndonesia
87.2%
CountryIran
86.2%
Hint Answer % Correct
CountryIraq
86.1%
CountryIceland
84.8%
CountryIreland
83.4%
State CapitalIndianapolis
76.9%
CountryItaly
76.8%
CountryIsrael
70.2%
CapitalIslamabad
51.6%

You're not logged in!

Compare scores with friends on all Sporcle quizzes.
Join for Free
OR
Log In

You Might Also Like...

Show Comments

Extras

Top Quizzes Today


Score Distribution

Your Account Isn't Verified!

In order to create a playlist on Sporcle, you need to verify the email address you used during registration. Go to your Sporcle Settings to finish the process.

Report this User

Report this user for behavior that violates our Community Guidelines.

Details: